000 00597nam a2200193Ia 4500
001 6099
003 GE_BSU
008 181216s||||||||xx |||||||||||||| ||und||
040 _cGE_BSU
080 _a82-93
100 _aასათიანი, მამია
245 _aსვანური თქმულება: [მოთხრობები]. / მამია ასათიანი
245 _cრედ.: ნ. ჩირაძე
260 _aთბილისი
260 _bნაკადული
260 _c1973
300 _a191გვ.; 20სმ.
942 _cBK
999 _c39503
_d39503